The taming of the shrewd : (Record no. 10591)

MARC details
000 -LEADER
fixed length control field 00982pam a2200265 a 4500
001 - CONTROL NUMBER
control field 2488470
003 - CONTROL NUMBER IDENTIFIER
control field OSt
005 - DATE AND TIME OF LATEST TRANSACTION
control field 20210227153449.0
008 - FIXED-LENGTH DATA ELEMENTS--GENERAL INFORMATION
fixed length control field 911008s1992 tnu b 001 0 eng
010 ## - LIBRARY OF CONGRESS CONTROL NUMBER
LC control number 91037421
020 ## - INTERNATIONAL STANDARD BOOK NUMBER
International Standard Book Number 0840777035
040 ## - CATALOGING SOURCE
Original cataloging agency DLC
Transcribing agency DLC
Modifying agency DLC
050 00 - LIBRARY OF CONGRESS CALL NUMBER
Classification number HF5387
Item number D514T
082 00 - DEWEY DECIMAL CLASSIFICATION NUMBER
Classification number 658.4/08
Edition number 20
Item number D514T
100 1# - MAIN ENTRY--PERSONAL NAME
Personal name De Vries, Paul.
245 14 - TITLE STATEMENT
Title The taming of the shrewd :
Remainder of title a marketplace handbook for smart ethics, scrupulous strategy, sound decision-making /
Statement of responsibility, etc. Paul de Vries, Barry Gardner.
260 ## - PUBLICATION, DISTRIBUTION, ETC.
Place of publication, distribution, etc. Nashville :
Name of publisher, distributor, etc. T. Nelson Publishers,
Date of publication, distribution, etc. c1992.
300 ## - PHYSICAL DESCRIPTION
Extent vii, 295 p. ;
Dimensions 24 cm.
504 ## - BIBLIOGRAPHY, ETC. NOTE
Bibliography, etc. note Includes bibliographical references (p. [287]-288) and index.
650 #0 - SUBJECT ADDED ENTRY--TOPICAL TERM
Topical term or geographic name entry element Business ethics.
700 1# - ADDED ENTRY--PERSONAL NAME
Personal name Gardner, Barry.
906 ## - LOCAL DATA ELEMENT F, LDF (RLIN)
a 7
b cbc
c orignew
d 1
e ocip
f 19
g y-gencatlg
942 ## - ADDED ENTRY ELEMENTS (KOHA)
Source of classification or shelving scheme Dewey Decimal Classification
Koha item type Books
Holdings
Withdrawn status Lost status Source of classification or shelving scheme Damaged status Not for loan Collection code Home library Current library Shelving location Date acquired Total Checkouts Full call number Barcode Date last seen Price effective from Koha item type
    Dewey Decimal Classification     Non-fiction Harvest Mission College Harvest Mission College General Stacks 05.03.2021   658.408 D514T 012326 05.03.2021 05.03.2021 Books

OPAC Designed and Maintained by HMC Library Team.
Copyright © HMC Library,Greater Noida, UP.
For any Suggestions/Query Contact library via Email:libhmc@gmail.com